000
00291nam a22001337a 4500
008
210311b ||||| |||| 00| 0 eng d
041
_a
eng
080
_2
3th
_a
159.9
082
_2
3th
_a
159.9
100
_a
49
101
_a
PSI
245
_a
Pathophysiology
_c
Copstead,C.L
942
_2
udc
_c
BK
999
_c
56289
_d
56289